Les opinions de M. Jérôme Coignard (Record no. 154154)

MARC details
000 -LEADER
campo de control de longitud fija 00743nam a22002055i 4500
001 - NÚMERO DE CONTROL
campo de control 154154
003 - IDENTIFICADOR DE NÚMERO DE CONTROL
campo de control ES-MaACL
005 - FECHA Y HORA DE LA ÚLTIMA TRANSACCIÓN
campo de control 20250428063006.0
008 - DATOS DE LONGITUD FIJA--INFORMACIÓN GENERAL
campo de control de longitud fija 050915s1895 fr | |||||||| ||fre d
040 ## - FUENTE DE CATALOGACIÓN
Centro catalogador/agencia de origen CAM
Lengua de catalogación spa
Centro/agencia transcriptor CAM
100 1# - ENTRADA PRINCIPAL--NOMBRE DE PERSONA
Nombre de persona France, Anatole,
Fechas asociadas al nombre 1844-1924
9 (RLIN) 240108
245 14 - MENCIÓN DEL TÍTULO
Título Les opinions de M. Jérôme Coignard
Resto del título : recueillies par Jacques Tournebroche /
Mención de responsabilidad, etc. et publiées par Anatole France.
250 ## - MENCION DE EDICION
Mención de edición 11e éd.
260 ## - PUBLICACIÓN, DISTRIBUCIÓN, ETC.
Lugar de publicación, distribución, etc. Paris :
Nombre del editor, distribuidor, etc. Calmann Lévy, éditeur,
Fecha de publicación, distribución, etc. 1895 (
Fabricante Imp. Paul Brodard)
300 ## - DESCRIPCIÓN FÍSICA
Extensión 288 p. ;
Dimensiones 19 cm.
700 1# - ENTRADA AGREGADA--NOMBRE PERSONAL
Nombre de persona Tournebroche, Jacques.
9 (RLIN) 133353
700 2# - ENTRADA AGREGADA--NOMBRE PERSONAL
Nombre de persona Calmann Lévy,
Término indicativo de función/relación
9 (RLIN) 188340
852 ## - LOCALIZACIÓN
Ubicación ES-MaACL
Número de control de estantería E-8674(2)
Nota libre -- Enc. hol., falto de la cub. original
Holdings
Estatus retirado Estado de pérdida Estado de daño No para préstamo Colección Biblioteca de origen Biblioteca actual Ubicación en estantería Fecha de adquisición Fuente de adquisición Total de préstamos Signatura topográfica completa Código de barras Visto por última vez Precio de reemplazo Tipo de ítem Koha
        Libros del s. XIX Biblioteca del Ateneo de Madrid Biblioteca del Ateneo de Madrid Depósito 2 17/01/2008     E-8674(2) 1161191 23/02/2023 23/02/2023 Libro impreso antiguo